Trouve le sport du sportif - Statistiques

Statistiques générales
  • Ce quiz a été pris 97 fois
  • Le résultat moyen est 13 sur 32
Statistiques - réponses
Par images Réponse % Correct
Football
100%
Basketball
94%
Rugby
76%
Tennis de table
76%
Natation
73%
Judo
71%
Handball
69%
Biathlon
64%
Athlétisme
59%
Golf
59%
MMA
58%
Volley-ball
53%
Gymnastique artistique
52%
Boxe
45%
Surf
41%
Cyclisme
31%
Boccia
28%
Course de fond
28%
Voile
28%
Skateboard
27%
Formule 1
24%
Escalade
23%
Badminton
22%
Escrime
20%
Football américain
20%
Ski alpin
19%
Karaté
13%
Hockey sur glace
11%
Tir à l'arc
10%
Baseball
5%
Breakdance
2%
Canoë-kayak
1%
Aucun quiz correspondant
Distribution des résultats
% des personnes avec chaque résultat
Percentile par nombre de réponses
Votre historique - résultats
Vous n’avez pas pris ce quiz